| 000 | 00818nam a2200217Ii 4500 | ||
|---|---|---|---|
| 003 | JO-AjNU | ||
| 008 | 230605s9999||||xx |||||||||||||| ||und|| | ||
| 040 |
_aJO-AjNU _bara _erda _cJO-AjNU |
||
| 041 | _aara | ||
| 050 | 1 | 4 | _aLB1025.3.T34 2008 |
| 100 | 3 |
_aجرادات،عزت مؤلف/عبيدات،ذوقان م.مشارك/أبو غزالة،هيفاء م.مشارك/عبد اللطيف،خيري م.مشارك, _eauthor _916253 |
|
| 245 | 0 | 0 | _aالتدريس الفعال |
| 250 | _aط2 | ||
| 264 | 3 | 1 | _aعمان:المؤلف،1984 |
| 300 |
_a143ص _bنماذج:ص(134-140) |
||
| 336 |
_atext _btxt _2rdacontent |
||
| 337 |
_aunmediated _bn _2rdamedia |
||
| 338 |
_avolume _bnc _2rdacarrier |
||
| 490 | 0 | _aالمكتبة التربوية المعاصرة 1 | |
| 650 | 4 |
_aالتدريس-طرق التدريس _916254 |
|
| 999 |
_aA4775 _c8343 _d8343 |
||